Разработка автоматической системы анализа спекл-фотографий и электронных спекл-изображений для исследования закономерностей пластической деформации: диссертация на соискание ученой степени кандидата технических наук; спец. 05.11.13

Dettagli Bibliografici
Autore principale: Павличев К. В. Кирилл Викторович
Enti autori: Российская академия наук (РАН) Сибирское отделение (СО) Институт физики прочности и материаловедения (ИФПМ), Национальный исследовательский Томский государственный университет (ТГУ)
Altri autori: Зуев Л. Б. Лев Борисович (научный руководитель), Горбатенко В. В. Вадим Владимирович (научный консультант)
Riassunto:Защищена 19.04.2011 г.
Lingua:russo
Pubblicazione: Томск, 2011
Soggetti:
Natura: MixedMaterials Libro
KOHA link:https://koha.lib.tpu.ru/cgi-bin/koha/opac-detail.pl?biblionumber=195246

MARC

LEADER 00000nbm0a2200000 4500
001 195246
005 20231214120122.0
035 |a (RuTPU)RU\TPU\book\212987 
035 |a RU\TPU\book\212985 
090 |a 195246 
100 |a 20110505j20110419k y0rusy50 ca 
101 0 |a rus 
102 |a RU 
105 |a a m 001zy 
200 1 |a Разработка автоматической системы анализа спекл-фотографий и электронных спекл-изображений для исследования закономерностей пластической деформации  |e диссертация на соискание ученой степени кандидата технических наук  |e спец. 05.11.13  |f К. В. Павличев  |g Российская академия наук (РАН), Сибирское отделение (СО), Институт физики прочности и материаловедения (ИФПМ) ; Национальный исследовательский Томский государственный университет (ТГУ) ; науч. рук. Л. Б. Зуев ; науч. конс. В. В. Горбатенко 
210 |a Томск  |d 2011 
215 |a 118 л.  |c ил. 
300 |a Защищена 19.04.2011 г. 
320 |a Библиогр.: с. 111-118 (90 назв.). 
606 1 |a Твердые тела  |x Деформация пластическая  |2 stltpush  |3 (RuTPU)RU\TPU\subj\58643  |9 76413 
606 1 |a Интерферометрия оптическая  |x Материаловедение  |2 stltpush  |3 (RuTPU)RU\TPU\subj\12846 
610 1 |a измерение 
610 1 |a методы 
610 1 |a спекл-фотографии 
610 1 |a анализ 
610 1 |a автоматическая система 
610 1 |a локализованная пластическая деформация 
610 1 |a визуализация 
610 1 |a автоматизированный оптико-телевизионный комплекс 
610 1 |a автоматизированный оптико-телевизионный комплекс 
610 1 |a пластическое течение 
610 1 |a экспериментальные исследования 
610 1 |a приборы 
610 1 |a разработка 
610 1 |a диссертации 
610 1 |a труды учёных ТПУ 
675 |a 539.374(04)  |v 3 
675 |a 620.179.1(04)  |v 3 
686 |a 05.11.13  |2 oksvnk 
700 1 |a Павличев  |b К. В.  |c специалист в области неразрушающего контроля  |c младший научный сотрудник Томского политехнического университета, кандидат технических наук  |f 1982-  |g Кирилл Викторович  |3 (RuTPU)RU\TPU\pers\28158  |9 13116 
702 1 |a Зуев  |b Л. Б.  |g Лев Борисович  |4 727 
702 1 |a Горбатенко  |b В. В.  |g Вадим Владимирович  |4 695 
712 0 2 |a Российская академия наук (РАН)  |b Сибирское отделение (СО)  |b Институт физики прочности и материаловедения (ИФПМ)  |c (Томск)  |3 (RuTPU)RU\TPU\col\265 
712 0 2 |a Национальный исследовательский Томский государственный университет (ТГУ)  |c 2009  |3 (RuTPU)RU\TPU\col\17230 
801 1 |a RU  |b 63413507  |c 20110505 
801 2 |a RU  |b 63413507  |c 20110516  |g RCR 
942 |c BK